00379nam a2200133Ia 4500003000400000005001700004008004100021040001800062041000800080100004500088110002200133245007000155260002000225OSt20230601115054.0211028s2013 xx 000 0 und d cAIMIT LIBRARY aeng aSachin, R V; Castelino, Melissa.e111928 aMelissa Castelino aInternship project management system: reporting and admin module. aMangalorec2013